| 000 | 00710nam a22001817a 4500 | ||
|---|---|---|---|
| 005 | 2010082002522.0 | ||
| 010 | _aENG-101077 | ||
| 020 | _c150.00 | ||
| 035 | _aEN-84610 | ||
| 037 | _bDBAD/PUB | ||
| 082 | _a305.231 | ||
| 245 |
_aResearch on ICDS : _ban overview (1986-1995) / |
||
| 260 |
_aNew Delhi _bNational Institute of Public Cooperation and Child Development _c2009 |
||
| 270 |
_a5, Siri Institutional Area, Hauz Khas _bNew Delhi _e110016 |
||
| 300 |
_aV.2 (xxiv,256p.) _c27cm (pbk) |
||
| 942 |
_2ddc _cEN _h305.231 _mRES |
||
| 999 |
_c42772 _d42772 |
||